000 03057nam a22003377a 4500
001 TIGAL 0007
003 gtcocun
005 20250923170711.0
006 a||||gr|||| 00| 0
007 ta
008 250923b2018 gt ||||| m||| 00| 0 eng d
040 _agtcocun
_bSPA
_cgtcocun
_eRDA
041 _aSPA TIGAL 0007
084 _0TIGAL 0007
100 _aCatún Sierra, Manuel María
_eAutor
245 _aDETERMINACIÓN DE LOS ÍNDICES DE CONTAMINACIÓN SONORA PRODUCIDA EN EL ÁREA URBANA DEL MUNICIPIO DE COBÁN DEL DEPARTAMENTO DE ALTA VERAPAZ/
_cManuel María Catún Sierra.
_hImpreso
264 _aCobán, Alta Verapaz:
_bUniversidad de San Carlos de Guatemala, Centro Universitario del Norte, Carrera de Ingeniería en Gestión Ambiental Local
_c2018
300 _a173 p.:
_bIlustraciones, gráficas.
_c28 cm;
300 _cPDF
336 _2rdacontenido
_aTexto
_btxt
337 _2rdamedio
_aComputadora
_bn
338 _2rdasoporte
_aCódigo en línea
_bcr
502 _eTIGAL 0007
502 _aTesis de grado
_bCarrera de Ingeniería en Gestión Ambiental Local,
_cUniversidad de San Carlos de Guatemala, Centro Universitario del Norte, Carrera de Ingeniería en Gestión Ambiental Local
_d2018
_oTIGAL 0007
520 1 4 _aLa situación de la contaminación sonora en el área urbana del municipio de Cobán no ha sido cuantificada, razón por la cual se ha desarrollado la presente investigación, en la que se realizaron muestreos en 18 puntos ubicados en las principales calles y avenidas de la ciudad en 4 horarios distintos del día, para poder determinar los índices de contaminación sonora. Los resultados obtenidos en la investigación para cada punto y horario de medición superan el nivel promedio de 70 dBA recomendado por la Organización Mundial de la Salud OMS, donde las actividades comerciales y flujo vehicular son las principales fuentes de generación de ruido. Se determinó que los días de mayor generación de ruido son los días lunes, jueves y viernes, días que presentan los niveles picos más elevados. Además, los puntos que mantienen constancia en los niveles continuos y niveles máximos son los ubicados en Plaza Magdalena y en el Instituto Emilio Rosales Ponce. Se elaboró una caracterización de las actividades generadoras de ruido donde se definieron particularidades como los niveles de presión sonora que presenta cada una de ellas, el tipo de ruido existente, donde se observa que estos niveles de ruido son generados por la conjunción de sonidos continuos, intermitentes e impulsivos que provienen de fuente fijas y móviles.
650 1 4 _2LEMB
_aCobán, Alta Verapaz
_xIngeniería en Gestión Ambiental Local
_xContaminación sonora
_xMuestreos
_xOMS
_xPresión sonora
_xActividades comerciales
700 _aIng. Agr. Víctor Manuel Lobos Morales
_eAsesor
856 _uhttps://drive.google.com/file/d/1d6Wv0GogogC4zghRoqiGkU6c_jlqu8IW/view
_yPDF
_zUn ejemplar en línea.
942 _2ddc
_cTES
_iTIGAL 0007
_kClasificación
_n0
_6TIGAL_0007_000000000000000
999 _c2084
_d2084